Perfect Square Roots to 400 Race - Statistics

General Stats
  • This quiz has been taken 977 times
  • The average score is 17 of 20
Answer Stats
Number Squared Answer % Correct
1 1
100%
144 12
99%
36 6
98%
4 2
96%
169 13
93%
121 11
92%
9 3
92%
16 4
92%
196 14
90%
100 10
88%
25 5
87%
400 20
85%
256 16
84%
49 7
83%
64 8
83%
225 15
82%
81 9
73%
361 19
72%
289 17
69%
324 18
64%
No matching quizzes found
Score Distribution
Percent of People with Each Score
Percentile by Number Answered
Your Score History
You have not taken this quiz